| 000 | 01179cam a22003135a 4500 | ||
|---|---|---|---|
| 001 | 17833475 | ||
| 005 | 20201128023905.0 | ||
| 008 | 130801s2014 enka frb 001 0 eng d | ||
| 020 | _a9781118347232 | ||
| 040 |
_aDLC _beng _cDLC _dEG-ScBUE |
||
| 082 | 0 | 4 |
_a690.22 _222 _bSMI |
| 100 | 1 | _aSmith, Nigel J. | |
| 245 | 1 | 0 |
_aManaging risk in construction projects / _cNigel J. Smith, Tony Merna, Paul Jobling. |
| 250 | _a3rd ed. | ||
| 260 |
_aChichester : _bWiley Blackwell, _c2014. |
||
| 300 |
_axii, 238 p. : _bill. ; _c25 cm. |
||
| 500 | _aIndex : p. [231]-238. | ||
| 504 | _aIncludes bibliographical reference. | ||
| 650 | 0 |
_aBuilding _xSuperintendence. _2BUEsh |
|
| 650 | 0 |
_aBuilding _xSafety measures. _2BUEsh _923113 |
|
| 650 | 7 |
_aConstruction industry _xmanagement. _2BUEsh _91204 |
|
| 650 | 0 |
_aRisk assessment. _2BUEsh |
|
| 651 | _2BUEsh | ||
| 653 |
_bENGGEN _cOctober2016 |
||
| 700 | 1 |
_aMerna, Tony. _922365 |
|
| 700 | 1 |
_aJobling, Paul, _d1955- |
|
| 776 | 0 | 8 |
_iOnline version: _aSmith, Nigel J. _tManaging risk in construction projects _bThird edition. _dChichester, West Sussex, United Kingdom : John Wiley & Sons Inc., 2014 _z9781118347218 _w(DLC) 2013031705 |
| 942 | _2ddc | ||
| 999 |
_c22640 _d22612 |
||